| 000 | 02734cam a22004094i 4500 | ||
|---|---|---|---|
| 001 | 18252443 | ||
| 005 | 20221220095513.0 | ||
| 008 | 140804s2015 enka b 001 0 eng | ||
| 010 | _a 2014017206 | ||
| 020 | _a9780415857437 (hardback) | ||
| 020 | _z9781315746999 (ebook) | ||
| 040 |
_aDLC _beng _cDLC _erda _dDLC |
||
| 042 | _apcc | ||
| 050 | 0 | 0 |
_aJC323 _b.N37 2015 |
| 082 | 0 | 0 |
_a320.54,NAT _223 |
| 084 |
_aPOL000000 _2bisacsh |
||
| 245 | 0 | 0 |
_aNationalism, ethnicity and boundaries : _bconceptualising and understanding identity through boundary approaches / _cedited by Jennifer Jackson and Lina Molokotos-Liederman. |
| 264 | 1 |
_aAbingdon, OX ; _aNew York, NY : _bRoutledge, _c2015. |
|
| 300 |
_axii, 252 pages : _billustrations ; _c24 cm. |
||
| 336 |
_atext _btxt _2rdacontent |
||
| 337 |
_aunmediated _bn _2rdamedia |
||
| 338 |
_avolume _bnc _2rdacarrier |
||
| 490 | 0 | _aRoutledge studies in nationalism and ethnicity | |
| 505 | 0 | _aIntroduction (Page-1), Boundaries and Borders / Richard Jenkins (Page-11), Aspects of Boundary Research from the Perspective of Longue Durée / Jean Terrier (Page-28), Modernity, Globalization and Nationalism : the Age of Frenzied Boundary-Building / Daniele Conversi (Page-57), Ethnic Boundaries : a Critical Rationalist Perspective / Michael Banton (Page-83), Boundaries and Belonging : Dominant Ethnicity and the Place of the Nation in a Globalizing World / Michael Skey (Page-103), A the Bairns o Adam? : The Ethnic Boundaries of Scottish National Identity / Michael Rosie (Page-124), Ethnicity and Boundaries in Jewish Nationalism / Yitzhak Conforti (Page-142), Nationalizing States Revisited : Projects and Processes of Nationalization in Post-Soviet States / Rogers Brubaker (Page-165), Negotiating National Identity in Northern Ireland and Quebec : Youth Perspectives / Jennifer Jackson (Page-192), The Migration of Frontiers : Ethno-national Conflicts and Contested Cities / Wendy Pullan (Page-220). | |
| 650 | 0 |
_aBoundaries _xSocial aspects. _9105260 |
|
| 650 | 0 |
_aNationalism _xSocial aspects. _9105261 |
|
| 650 | 0 |
_aEthnicity _xSocial aspects. _9105262 |
|
| 650 | 0 |
_aBoundaries _xSocial aspects _vCase studies. _9105263 |
|
| 650 | 0 |
_aNationalism _xSocial aspects _vCase studies. _9105264 |
|
| 650 | 0 |
_aEthnicity _xSocial aspects _vCase studies. _9105265 |
|
| 650 | 7 |
_aPOLITICAL SCIENCE / General. _2bisacsh _9105266 |
|
| 700 | 1 |
_aJackson, Jennifer _q(Jennifer L.) _eeditor of compilation. _9105267 |
|
| 700 | 1 |
_aMolokotos-Liederman, Lina, _eeditor of compilation. _9105268 |
|
| 906 |
_a7 _bcbc _corignew _d1 _eecip _f20 _gy-gencatlg |
||
| 942 |
_2ddc _cBK _k320.54,NAT |
||
| 999 |
_c592732 _d592732 |
||